[Event "Edmonton-ch"]
[Site "Edmonton CAN"]
[Date "2018.02.01"]
[Round "3.1"]
[White "Kalisvaart, Peter"]
[Black "Arruebarrena, Rafael"]
[Result "0-1"]
[WhiteElo "2107"]
[BlackElo "2385"]
[PlyCount "114"]
[EventDate "2018.01.04"]
[EventType "k.o."]
[EventRounds "4"]
[EventCountry "CAN"]

1. d4 Nf6 2. c4 g6 3. Nc3 d5 4. cxd5 Nxd5 5. e4 Nxc3 6. bxc3 Bg7 7. Be3 c5 8.
Qd2 Qa5 9. Rb1 a6 10. Bd3 Nc6 11. Ne2 O-O 12. f4 Bg4 13. Rxb7 Rab8 14. Rxb8
Rxb8 15. Nc1 cxd4 16. cxd4 Qxd2+ 17. Kxd2 Nxd4 18. Bxd4 Bxd4 19. Bxa6 Rb2+ 20.
Kd3 Bg7 21. g3 e5 22. Bc4 exf4 23. gxf4 Rf2 24. h3 Rf3+ 25. Kd2 Bxh3 26. Nd3
Bf1 27. a4 Bxd3 28. Bxd3 Rxf4 29. Ke3 Rf6 30. a5 Rd6 31. a6 Bd4+ 32. Ke2 h5 33.
Bc4 Kg7 34. Rf1 Rd7 35. Bd5 f6 36. Rd1 Ba7 37. Kf3 Re7 38. Rb1 g5 39. Rc1 g4+
40. Kg3 Kg6 41. Rc8 Rg7 42. Kf4 Bb6 43. Bb7 Bg1 44. Rc2 Rc7 45. Rxc7 Bh2+ 46.
Ke3 Bxc7 47. e5 fxe5 48. Ke4 Bb8 49. a7 Bxa7 50. Kxe5 Kg5 51. Bg2 h4 52. Ke4 h3
53. Bf1 Kh4 54. Kf4 g3 55. Kf3 Bb6 56. Bg2 hxg2 57. Kxg2 Bc7 0-1

[Event "Edmonton-ch"]
[Site "Edmonton CAN"]
[Date "2018.02.01"]
[Round "3.1"]
[White "Matras-Clement, Agnieszka"]
[Black "Caldera, Anuar"]
[Result "1-0"]
[WhiteElo "2300"]
[BlackElo "2230"]
[PlyCount "113"]
[EventDate "2018.01.04"]
[EventType "k.o."]
[EventRounds "4"]
[EventCountry "CAN"]

1. e4 e5 2. Nf3 Nc6 3. Nc3 Nf6 4. a3 d5 5. Bb5 Nxe4 6. Qe2 Nxc3 7. Qxe5+ Qe7 8.
dxc3 Bd7 9. Qxe7+ Bxe7 10. Bf4 O-O-O 11. O-O-O Bg4 12. Bxc6 bxc6 13. Rde1 Bf6
14. Ne5 Bxe5 15. Bxe5 Rhg8 16. Bd4 a6 17. h3 Bd7 18. g4 f6 19. Re7 Rde8 20.
Rhe1 Kd8 21. Bc5 h5 22. f3 hxg4 23. hxg4 g5 24. Kd2 f5 25. gxf5 Bxf5 26. R1e5
Rxe7 27. Bxe7+ Kd7 28. Bf6 Be6 29. Bxg5 Rh8 30. Re2 Rh5 31. f4 Rh3 32. Bf6 Rf3
33. Be5 Bh3 34. b4 Rg3 35. Re1 Bf5 36. Rh1 c5 37. Rh8 cxb4 38. axb4 Rg2+ 39.
Ke3 Bxc2 40. Rf8 Ke7 41. Rc8 Ke6 42. Rxc7 Ba4 43. Rb7 Rg6 44. Kd4 Bb3 45. Rb6+
Kf5 46. Rb8 Rc6 47. Rf8+ Ke6 48. f5+ Ke7 49. Rh8 Rc4+ 50. Kd3 Rc6 51. Rh7+ Kf8
52. Bd4 Ba2 53. Ke3 Bb1 54. Kf4 Bc2 55. Kg5 Bd3 56. Ra7 Rc8 57. f6 1-0

[Event "Edmonton-ch"]
[Site "Edmonton CAN"]
[Date "2018.02.08"]
[Round "3.2"]
[White "Arruebarrena, Rafael"]
[Black "Kalisvaart, Peter"]
[Result "1/2-1/2"]
[WhiteElo "2385"]
[BlackElo "2107"]
[PlyCount "62"]
[EventDate "2018.01.04"]
[EventType "k.o."]
[EventRounds "4"]
[EventCountry "CAN"]

1. e4 e5 2. Nf3 Nc6 3. Bb5 Nd4 4. Nxd4 exd4 5. O-O c6 6. Bc4 Nf6 7. Re1 Bc5 8.
e5 Nd5 9. b4 Bxb4 10. c3 Bc5 11. Bxd5 cxd5 12. Ba3 Qa5 13. Bxc5 Qxc5 14. cxd4
Qxd4 15. Nc3 a6 16. Qf3 O-O 17. Qxd5 Qxd5 18. Nxd5 Rd8 19. Nb6 Rb8 20. Nc4 b5
21. Nd6 Bb7 22. Nxb7 Rxb7 23. Rac1 Kf8 24. d4 f6 25. exf6 gxf6 26. g3 a5 27.
Rc5 a4 28. a3 b4 29. axb4 Rxb4 30. Rh5 a3 31. Ra5 Rxd4 1/2-1/2

[Event "Edmonton-ch"]
[Site "Edmonton CAN"]
[Date "2018.02.08"]
[Round "3.2"]
[White "Caldera, Anuar"]
[Black "Matras-Clement, Agnieszka"]
[Result "1-0"]
[WhiteElo "2230"]
[BlackElo "2300"]
[PlyCount "153"]
[EventDate "2018.01.04"]
[EventType "k.o."]
[EventRounds "4"]
[EventCountry "CAN"]

1. d4 d5 2. c4 c6 3. Nc3 Nf6 4. e3 e6 5. Nf3 Nbd7 6. b3 Bd6 7. Be2 O-O 8. O-O
b6 9. Bb2 Bb7 10. Bd3 Qe7 11. Qe2 e5 12. dxe5 Nxe5 13. cxd5 cxd5 14. Nb5 Nxf3+
15. Qxf3 Be5 16. Ba3 Qd7 17. Bxf8 Rxf8 18. Nd4 Ne4 19. Rac1 Qd6 20. Bxe4 Bxh2+
21. Kh1 dxe4 22. Qh5 Be5 23. Rfd1 Qf6 24. Kg1 Re8 25. Qg4 h6 26. Qd7 Re7 27.
Qd8+ Kh7 28. Nf5 Re6 29. Qxf6 Rxf6 30. Rd7 Ba6 31. Rxa7 Bd3 32. Ne7 b5 33. Rc6
Bd6 34. Nd5 Bh2+ 35. Kxh2 Rxc6 36. Rxf7 Rd6 37. Nb4 Kg6 38. Rc7 Rd8 39. Rc5 Kf6
40. Rd5 Ra8 41. Kg3 Ke6 42. f4 g6 43. Rd4 Bb1 44. Rd1 Bd3 45. Nxd3 exd3 46.
Rxd3 Rxa2 47. Kf3 h5 48. g3 Rc2 49. Rd4 Rc3 50. Rb4 Rc5 51. Re4+ Kd6 52. b4 Rf5
53. Rd4+ Ke6 54. Ke4 Rf8 55. Rd5 Rb8 56. Kd4 Rb7 57. e4 Rb8 58. Kc5 Ke7 59. Kc6
Ke6 60. Kc7 Rh8 61. Rxb5 h4 62. gxh4 Rxh4 63. f5+ Ke7 64. Re5+ Kf6 65. Re6+ Kf7
66. b5 gxf5 67. exf5 Rh5 68. Re5 Kf6 69. Rc5 Rh7+ 70. Kc6 Ke7 71. Rd5 Rh6+ 72.
Kc7 Rh1 73. b6 Rc1+ 74. Kb8 Rb1 75. b7 Rb2 76. Kc7 Rc2+ 77. Kb6 1-0

[Event "Edmonton-ch"]
[Site "Edmonton CAN"]
[Date "2018.02.13"]
[Round "3.3"]
[White "Caldera, Anuar"]
[Black "Matras-Clement, Agnieszka"]
[Result "0-1"]
[WhiteElo "2230"]
[BlackElo "2300"]
[PlyCount "60"]
[EventDate "2018.01.04"]
[EventType "k.o."]
[EventRounds "4"]
[EventCountry "CAN"]

1. d4 d5 2. c4 c6 3. Nc3 Nf6 4. e3 e6 5. Nf3 Nbd7 6. Be2 Bd6 7. b3 O-O 8. Bb2
b6 9. O-O Bb7 10. Bd3 Qe7 11. Re1 c5 12. Qe2 Rad8 13. cxd5 exd5 14. Rac1 Ne4
15. Red1 Ndf6 16. h3 Rfe8 17. Ne5 Nxc3 18. Bxc3 Ne4 19. Bxe4 dxe4 20. Nc4 Bb8
21. dxc5 bxc5 22. Qg4 f6 23. Ba5 Rd3 24. Rxd3 exd3 25. Rd1 Qf7 26. Rxd3 f5 27.
Qh4 Qg6 28. g3 f4 29. Rd1 Qc6 30. Kf1 Qh1+ 0-1

[Event "Edmonton-ch"]
[Site "Edmonton CAN"]
[Date "2018.02.13"]
[Round "3.4"]
[White "Matras-Clement, Agnieszka"]
[Black "Caldera, Anuar"]
[Result "1-0"]
[WhiteElo "2300"]
[BlackElo "2230"]
[PlyCount "43"]
[EventDate "2018.01.04"]
[EventType "k.o."]
[EventRounds "4"]
[EventCountry "CAN"]

1. e4 e5 2. Nf3 Nc6 3. Bc4 Nf6 4. d3 Be7 5. c3 O-O 6. Nbd2 d5 7. exd5 Nxd5 8.
O-O Nb6 9. Bb5 Nb8 10. Re1 a6 11. Bc4 Nxc4 12. Nxc4 f6 13. d4 b5 14. Ncd2 Nc6
15. Ne4 f5 16. Qb3+ Kh8 17. Neg5 e4 18. Nf7+ Rxf7 19. Qxf7 Bf6 20. Bf4 Bd7 21.
Ne5 Be8 22. Qf8# 1-0

[Event "Edmonton-ch"]
[Site "Edmonton CAN"]
[Date "2018.02.15"]
[Round "4.1"]
[White "Arruebarrena, Rafael"]
[Black "Matras-Clement, Agnieszka"]
[Result "1-0"]
[WhiteElo "2385"]
[BlackElo "2300"]
[PlyCount "75"]
[EventDate "2018.01.04"]
[EventType "k.o."]
[EventRounds "4"]
[EventCountry "CAN"]

1. e4 c6 2. d4 d5 3. Nd2 dxe4 4. Nxe4 Bf5 5. Ng3 Bg6 6. h4 h6 7. Nf3 Nd7 8. h5
Bh7 9. Bd3 Bxd3 10. Qxd3 e6 11. Bd2 Ngf6 12. O-O-O Be7 13. Kb1 Qb6 14. c4 O-O
15. Ne4 c5 16. Bc3 Rfd8 17. d5 exd5 18. cxd5 Nxe4 19. Qxe4 Bf6 20. Bxf6 Nxf6
21. Qc4 Rd6 22. Nh4 Re8 23. Nf5 Rd7 24. d6 Re4 25. Qc2 Qb4 26. f3 Re5 27. g4
Qf4 28. Qc3 Kf8 29. Rhe1 Rxe1 30. Rxe1 b6 31. a3 Rd8 32. Ka2 Rd7 33. Re4 Qg5
34. Re5 Qf4 35. Re4 Qg5 36. Re7 Rxd6 37. Qe5 Rd8 38. Qc7 1-0

[Event "Edmonton-ch"]
[Site "Edmonton CAN"]
[Date "2018.02.22"]
[Round "4.2"]
[White "Matras-Clement, Agnieszka"]
[Black "Arruebarrena, Rafael"]
[Result "1/2-1/2"]
[WhiteElo "2300"]
[BlackElo "2385"]
[PlyCount "31"]
[EventDate "2018.01.04"]
[EventType "k.o."]
[EventRounds "4"]
[EventCountry "CAN"]

1. d4 Nf6 2. Bg5 d5 3. Nf3 Ne4 4. h4 c5 5. e3 Qb6 6. Qc1 Nc6 7. c3 Bf5 8. Nbd2
e6 9. Be2 Bd6 10. dxc5 Qxc5 11. Nd4 h6 12. Nxf5 exf5 13. Nxe4 fxe4 14. Bf4 Bxf4
15. exf4 O-O 16. Qe3 1/2-1/2

[Event "February Knights"]
[Site "St John's CAN"]
[Date "2018.02.17"]
[Round "3"]
[White "Berson, Jordan"]
[Black "Kowsari, Mohammed Reza"]
[Result "1-0"]
[WhiteElo "2078"]
[BlackElo "1906"]
[PlyCount "81"]
[EventDate "2018.02.17"]
[EventType "swiss"]
[EventRounds "5"]
[EventCountry "CAN"]

1. d4 e6 2. g3 f5 3. Bg2 Nf6 4. Nf3 Be7 5. O-O O-O 6. c4 d6 7. Qb3 Ne4 8. Nc3
Nxc3 9. bxc3 Nd7 10. Nd2 Kh8 11. e4 f4 12. c5 e5 13. Nc4 f3 14. Bh1 Qe8 15.
cxd6 cxd6 16. Qd1 b6 17. Bxf3 Rxf3 18. Qxf3 Ba6 19. Ne3 Bxf1 20. Kxf1 Bf6 21.
Bb2 Nf8 22. Nd5 Qb5+ 23. Qe2 Qxe2+ 24. Kxe2 Ne6 25. Kd3 Rc8 26. f4 Nc7 27. Nxc7
Rxc7 28. fxe5 dxe5 29. Rf1 Kg8 30. Ba3 Rd7 31. Bb2 Kf7 32. Kc4 Ke7 33. Ba3+ Kd8
34. Rd1 a6 35. d5 Rc7+ 36. Kd3 b5 37. Bb4 Kd7 38. a4 Be7 39. Bxe7 Kxe7 40. axb5
axb5 41. Ra1 1-0

[Event "February Knights"]
[Site "St John's CAN"]
[Date "2018.02.18"]
[Round "5"]
[White "Leonard, Anthony"]
[Black "Berson, Jordan"]
[Result "0-1"]
[WhiteElo "2049"]
[BlackElo "2078"]
[PlyCount "96"]
[EventDate "2018.02.17"]
[EventType "swiss"]
[EventRounds "5"]
[EventCountry "CAN"]

1. e4 c6 2. d4 d5 3. Nc3 dxe4 4. Nxe4 Nf6 5. Nxf6+ exf6 6. c3 Bf5 7. Bd3 Bg6 8.
Bf4 Bd6 9. Qe2+ Be7 10. Nf3 O-O 11. O-O Re8 12. Bxg6 hxg6 13. Rfe1 Na6 14. Rad1
Nc7 15. Qc2 Ne6 16. Bc1 Qc7 17. Nh4 Bd6 18. g3 f5 19. f4 Rad8 20. Nf3 f6 21.
Qb3 Qf7 22. Nd2 b5 23. Nf1 a6 24. Qc2 Nc7 25. b3 Rxe1 26. Rxe1 c5 27. dxc5
Bxc5+ 28. Be3 Qd5 29. Qf2 Re8 30. Bxc5 Rxe1 31. Qxe1 Qxc5+ 32. Qe3 Qc6 33. Qd3
Nd5 34. c4 Nb4 35. cxb5 axb5 36. Qd8+ Kh7 37. a4 bxa4 38. bxa4 Qc5+ 39. Kg2 Nd5
40. Qe8 Qc2+ 41. Kg1 Nc3 42. Qe3 Ne2+ 43. Kf2 Nxf4+ 44. Qd2 Nh3+ 45. Kg2 Qe4+
46. Kxh3 g5 47. Qd7 g4+ 48. Kh4 Kh6 0-1

[Event "February TNT"]
[Site "Winnipeg CAN"]
[Date "2018.02.06"]
[Round "1.1"]
[White "Babb, Jeff"]
[Black "Viznytsya, Yevhen"]
[Result "1-0"]
[WhiteElo "2211"]
[BlackElo "1547"]
[PlyCount "73"]
[EventDate "2018.02.06"]
[EventType "swiss"]
[EventRounds "4"]
[EventCountry "CAN"]

1. e4 e5 2. Nc3 Nc6 3. Bc4 Nf6 4. d3 Be7 5. f4 d6 6. f5 Na5 7. Nf3 Nxc4 8. dxc4
h6 9. Qd3 Bd7 10. Bd2 Bc6 11. O-O-O Qd7 12. Rhg1 O-O-O 13. g4 Ne8 14. h4 h5 15.
g5 g6 16. f6 Bf8 17. Be3 b6 18. Kb1 Kb8 19. a3 Qc8 20. Nxe5 dxe5 21. Qxd8 Nd6
22. Qxc8+ Kxc8 23. c5 Nxe4 24. Nxe4 Bxe4 25. cxb6 axb6 26. Rd2 Bd6 27. Bxb6
Bxa3 28. bxa3 cxb6 29. Re1 Bf5 30. Rxe5 Be6 31. Rd6 Kc7 32. Rdxe6 fxe6 33. Rxe6
Kb7 34. Re7+ Kc6 35. Rg7 Kd6 36. Rxg6 Ke6 37. Rg7 1-0

[Event "February TNT"]
[Site "Winnipeg CAN"]
[Date "2018.02.27"]
[Round "1.1"]
[White "Bince, Rolando"]
[Black "Babb, Jeff"]
[Result "1/2-1/2"]
[WhiteElo "1964"]
[BlackElo "2211"]
[PlyCount "90"]
[EventDate "2018.02.06"]
[EventType "swiss"]
[EventRounds "4"]
[EventCountry "CAN"]

1. Nf3 Nc6 2. d4 d5 3. Bf4 Bg4 4. e3 e6 5. Bb5 Nge7 6. h3 Bxf3 7. Qxf3 Ng6 8.
Bg3 Nh4 9. Bxh4 Qxh4 10. Qg4 Qe7 11. c3 a6 12. Ba4 b5 13. Bc2 Nb4 14. Na3 Nxc2+
15. Nxc2 h5 16. Qf3 Qf6 17. Qe2 Rb8 18. b4 Bd6 19. a4 g5 20. axb5 axb5 21. g3
Qg6 22. Kd2 O-O 23. f4 f6 24. Rhf1 Kh7 25. Ra5 g4 26. hxg4 Qxg4 27. Qxg4 hxg4
28. Na3 c6 29. Nc2 Kg6 30. Raa1 Rh8 31. Rh1 Rxh1 32. Rxh1 Ra8 33. Kd3 e5 34.
Rh4 exf4 35. exf4 f5 36. Rh1 Re8 37. Re1 Rxe1 38. Nxe1 Kf6 39. Ke3 Ke6 40. Nd3
Be7 41. Ne5 Kd6 42. Kd2 Bf6 43. Nd3 Kd7 44. Ke3 Kd6 45. Nc5 Bg7 1/2-1/2

[Event "February TNT"]
[Site "Winnipeg CAN"]
[Date "2018.02.06"]
[Round "1.2"]
[White "Furda, Ievgeniia-Diana"]
[Black "Boron, Anthony"]
[Result "0-1"]
[WhiteElo "1528"]
[BlackElo "2021"]
[PlyCount "84"]
[EventDate "2018.02.06"]
[EventType "swiss"]
[EventRounds "4"]
[EventCountry "CAN"]

1. e4 c5 2. Nf3 e6 3. d4 cxd4 4. Nxd4 Nf6 5. Nc3 Nc6 6. Be3 Bb4 7. Nxc6 bxc6 8.
Bd3 d5 9. exd5 cxd5 10. Bb5+ Bd7 11. Bxd7+ Qxd7 12. Bd4 Qe7 13. O-O O-O 14. Ne2
e5 15. Bc3 Bd6 16. Ng3 g6 17. Qd2 d4 18. Ba5 Rab8 19. Qc1 Rfc8 20. Bd2 Qb7 21.
Rb1 Qd5 22. a3 Ne4 23. Nxe4 Qxe4 24. c3 Qf5 25. Qe1 Bc5 26. cxd4 exd4 27. Qe2
h5 28. Rfd1 Bxa3 29. b4 a5 30. Qe1 Re8 31. Qf1 Bxb4 32. Bxb4 Rxb4 33. Rxb4 axb4
34. Rxd4 b3 35. Rb4 Qc2 36. h3 Qc3 37. Qc4 Qxc4 38. Rxc4 b2 39. Rb4 Re1+ 40.
Kh2 b1=Q 41. Rxb1 Rxb1 42. Kg3 Kg7 0-1

[Event "February TNT"]
[Site "Winnipeg CAN"]
[Date "2018.02.06"]
[Round "1.3"]
[White "Bince, Rolando"]
[Black "Leaden, Bruce"]
[Result "1-0"]
[WhiteElo "1962"]
[BlackElo "1527"]
[PlyCount "65"]
[EventDate "2018.02.06"]
[EventType "swiss"]
[EventRounds "4"]
[EventCountry "CAN"]

1. Nf3 e6 2. c4 b6 3. d4 f5 4. Nc3 Bb7 5. Bg5 Be7 6. h4 h6 7. Bxe7 Qxe7 8. Ne5
Qf6 9. e3 Nc6 10. Qh5+ g6 11. Qxg6+ Qxg6 12. Nxg6 Rh7 13. O-O-O O-O-O 14. f3
Nf6 15. d5 exd5 16. cxd5 Ne7 17. Nf4 Ne8 18. Bd3 Nd6 19. Rhe1 h5 20. Bf1 Rg8
21. Nh3 Ng6 22. Ng5 Rhg7 23. g3 Ne5 24. Be2 Nef7 25. f4 Nxg5 26. hxg5 Rh8 27.
Rh1 Rgh7 28. b3 Re7 29. e4 Nxe4 30. Nxe4 Rxe4 31. Bxh5 Ba6 32. Bf7 Rxh1 33.
Rxh1 1-0

[Event "February TNT"]
[Site "Winnipeg CAN"]
[Date "2018.02.06"]
[Round "1.4"]
[White "Magyar, Peter"]
[Black "Le Dorze, Phil"]
[Result "0-1"]
[WhiteElo "1518"]
[BlackElo "1844"]
[PlyCount "112"]
[EventDate "2018.02.06"]
[EventType "swiss"]
[EventRounds "4"]
[EventCountry "CAN"]

1. d4 d5 2. Bf4 Nf6 3. e3 e6 4. Be2 c5 5. c3 a6 6. Nd2 b5 7. h3 Bb7 8. Ngf3 Bd6
9. Ne5 Bxe5 10. Bxe5 Nbd7 11. Bh2 O-O 12. O-O Re8 13. Nf3 Ne4 14. Ne5 Nxe5 15.
Bxe5 f6 16. Bh2 e5 17. Qc2 cxd4 18. cxd4 Rc8 19. Qd3 Qa5 20. Bg4 Rc7 21. Rfd1
Qb4 22. Bf5 Qxb2 23. Bxe4 dxe4 24. Qb3+ Qxb3 25. axb3 Rc3 26. Rab1 exd4 27.
Rxd4 Rd3 28. Bc7 Rc8 29. Bb6 Rcc3 30. b4 Kf7 31. Rd1 Ke6 32. Kh2 Rxd1 33. Rxd1
Rc4 34. Ba5 Bd5 35. g4 g6 36. Kg3 Rc3 37. Ra1 Rc2 38. Bb6 h6 39. Rxa6 Rc6 40.
h4 f5 41. g5 hxg5 42. hxg5 Bb3 43. Ra3 Rxb6 44. Rxb3 Kd5 45. Rc3 Rc6 46. Rxc6
Kxc6 47. f3 Kd5 48. fxe4+ Kxe4 49. Kf2 Kd3 50. Kf3 Kc4 51. Ke2 Kxb4 52. Kd2 Kb3
53. Kc1 Ka2 54. Kc2 b4 55. Kd3 b3 56. Kd4 b2 0-1

[Event "February TNT"]
[Site "Winnipeg CAN"]
[Date "2018.02.06"]
[Round "1.5"]
[White "Goodman, Clifford"]
[Black "Myrzaibraimova, Aibike"]
[Result "1-0"]
[WhiteElo "1677"]
[BlackElo "1505"]
[PlyCount "39"]
[EventDate "2018.02.06"]
[EventType "swiss"]
[EventRounds "4"]
[EventCountry "CAN"]

1. b3 e5 2. Bb2 Nc6 3. e3 d5 4. Bb5 e4 5. Ne2 Bd7 6. O-O Nf6 7. Nf4 Be7 8. Nc3
d4 9. exd4 Nxd4 10. Bxd7+ Nxd7 11. Nxe4 Nf5 12. Qg4 Bf6 13. Nxf6+ Nxf6 14. Qxf5
Qxd2 15. Rfe1+ Kf8 16. Bxf6 gxf6 17. Qxf6 Rd8 18. Ne6+ Ke8 19. Nxc7+ Kd7 20.
Rad1 1-0

[Event "February TNT"]
[Site "Winnipeg CAN"]
[Date "2018.02.06"]
[Round "1.6"]
[White "Myrzaibraimov, Azamat"]
[Black "Remillard, John"]
[Result "1/2-1/2"]
[WhiteElo "1478"]
[BlackElo "1653"]
[PlyCount "80"]
[EventDate "2018.02.06"]
[EventType "swiss"]
[EventRounds "4"]
[EventCountry "CAN"]

1. e4 e5 2. Nf3 Nf6 3. Nc3 d6 4. h3 Be7 5. Bc4 c6 6. a3 b5 7. Bb3 a5 8. Ng5 O-O
9. d3 Na6 10. Be3 Nc5 11. Ba2 Ne6 12. h4 Nxg5 13. hxg5 Ng4 14. Qd2 Nxe3 15.
Qxe3 Bxg5 16. Qe2 Qf6 17. Nd1 Be6 18. Ne3 Bxa2 19. Rxa2 Bxe3 20. Qxe3 c5 21.
Qh3 h6 22. Ke2 Qe6 23. Raa1 b4 24. Qg3 Qg6 25. Kf3 Qf6+ 26. Ke3 g5 27. a4 Kg7
28. Rh5 Kg6 29. Rah1 Qf4+ 30. Qxf4 exf4+ 31. Kf3 Rh8 32. b3 Rae8 33. Ke2 d5 34.
f3 dxe4 35. fxe4 f5 36. Kf3 fxe4+ 37. dxe4 Rc8 38. g4 c4 39. Rd1 Rhd8 40. Rdh1
Rh8 1/2-1/2

[Event "February TNT"]
[Site "Winnipeg CAN"]
[Date "2018.02.06"]
[Round "1.7"]
[White "Letain, Cory"]
[Black "Wirtzfeld, Ryan"]
[Result "1-0"]
[WhiteElo "1677"]
[BlackElo "1347"]
[PlyCount "105"]
[EventDate "2018.02.06"]
[EventType "swiss"]
[EventRounds "4"]
[EventCountry "CAN"]

1. e4 e5 2. Nf3 Nc6 3. Bb5 a6 4. Ba4 Nf6 5. O-O Be7 6. Re1 b5 7. Bb3 O-O 8. c3
Bb7 9. d4 exd4 10. cxd4 Na5 11. Bc2 Re8 12. Bg5 Nxe4 13. Bxe4 Bxe4 14. Rxe4
Bxg5 15. Rxe8+ Qxe8 16. Nxg5 Nc4 17. Qc1 Nxb2 18. Nc3 Nc4 19. Nf3 c6 20. Qc2
Qe7 21. Re1 Qb4 22. Kf1 Na3 23. Qb3 Qc4+ 24. Qxc4 Nxc4 25. Re7 d5 26. Rc7 Na5
27. Ne5 Nc4 28. Nxc6 Re8 29. Ne7+ Kf8 30. Ncxd5 Nb6 31. Nxb6 Rxe7 32. Rc8+ Re8
33. Nd7+ Ke7 34. Rxe8+ Kxe8 35. Nc5 Ke7 36. Ke2 Kd6 37. Nxa6 Kd5 38. Kd3 f6 39.
Nc7+ Kc6 40. Ne8 Kd5 41. Nxg7 h6 42. g4 b4 43. f4 Kd6 44. h4 Ke7 45. Nf5+ Ke6
46. Nxh6 Ke7 47. Nf5+ Ke6 48. h5 Kf7 49. h6 Kg6 50. d5 Kf7 51. h7 b3 52. h8=Q
bxa2 53. Qa8 1-0

[Event "February TNT"]
[Site "Winnipeg CAN"]
[Date "2018.02.06"]
[Round "1.8"]
[White "Flynn, Darren"]
[Black "Patel, Aalekh"]
[Result "0-1"]
[WhiteElo "1628"]
[BlackElo "1337"]
[PlyCount "62"]
[EventDate "2018.02.06"]
[EventType "swiss"]
[EventRounds "4"]
[EventCountry "CAN"]

1. d4 Nf6 2. c4 g6 3. Nf3 Bg7 4. Nc3 d6 5. e3 O-O 6. Bd3 Nbd7 7. O-O Re8 8. b4
e5 9. dxe5 Nxe5 10. Nxe5 dxe5 11. Ne4 Nxe4 12. Bxe4 Qe7 13. Rb1 c6 14. h3 f5
15. Bf3 Be6 16. Be2 Rad8 17. Qb3 b5 18. Bb2 Rd2 19. Bd3 e4 20. Bc1 Rxd3 21. Qc2
Bxc4 22. Rd1 Red8 23. Bd2 Qd6 24. Rb2 Bxb2 25. Qxb2 Rxd2 26. Rxd2 Qxd2 27. Qf6
Qd1+ 28. Kh2 Qd6+ 29. Kh1 Qxf6 30. f4 exf3 31. gxf3 Rd2 0-1

[Event "February TNT"]
[Site "Winnipeg CAN"]
[Date "2018.02.13"]
[Round "2.1"]
[White "Le Dorze, Phil"]
[Black "Babb, Jeff"]
[Result "0-1"]
[WhiteElo "1833"]
[BlackElo "2211"]
[PlyCount "117"]
[EventDate "2018.02.06"]
[EventType "swiss"]
[EventRounds "4"]
[EventCountry "CAN"]

1. d4 Nf6 2. c4 e5 3. dxe5 Ng4 4. Nf3 Bc5 5. e3 Nc6 6. Be2 O-O 7. Nbd2 Ngxe5 8.
Nb3 Bb4+ 9. Bd2 Nxf3+ 10. Bxf3 Qf6 11. Qc2 Bxd2+ 12. Qxd2 Ne5 13. Be2 d6 14.
Nd4 a6 15. Nf3 Be6 16. Nxe5 dxe5 17. O-O Rfd8 18. Qc3 Qg5 19. f4 exf4 20. exf4
Qc5+ 21. Kh1 a5 22. b3 Bf5 23. Bf3 c6 24. Rfe1 f6 25. g4 Rd3 26. Qb2 Rxf3 27.
gxf5 Rxf4 28. Re6 Qxf5 29. Qe2 Rf8 30. Rg1 Rf2 31. Qe3 Qf3+ 32. Qxf3 Rxf3 33.
Re7 g6 34. Rd1 Rf7 35. Rxf7 Kxf7 36. Rd7+ Ke6 37. Rxh7 b5 38. cxb5 cxb5 39. Ra7
Rf2 40. Rxa5 b4 41. Ra4 Kf5 42. Rxb4 Rxa2 43. Rc4 Rb2 44. b4 g5 45. Kg1 g4 46.
Kh1 Kg5 47. Rc5+ f5 48. b5 Kf4 49. Rc4+ Kf3 50. Rc3+ Kf2 51. h4 g3 52. Rc1 f4
53. h5 Rxb5 54. Rc2+ Kf3 55. Rc3+ Kg4 56. Kg2 Rxh5 57. Rc4 Rh2+ 58. Kg1 Ra2 59.
Rc8 0-1

[Event "February TNT"]
[Site "Winnipeg CAN"]
[Date "2018.02.13"]
[Round "2.2"]
[White "Boron, Anthony"]
[Black "Letain, Cory"]
[Result "1-0"]
[WhiteElo "2021"]
[BlackElo "1644"]
[PlyCount "43"]
[EventDate "2018.02.06"]
[EventType "swiss"]
[EventRounds "4"]
[EventCountry "CAN"]

1. d4 d5 2. Nf3 Nf6 3. e3 Bf5 4. c4 c6 5. Nc3 dxc4 6. Bxc4 e6 7. O-O Be7 8. Bd2
Nbd7 9. a3 a5 10. a4 O-O 11. Re1 Bb4 12. Ne2 Bxd2 13. Nxd2 Qc7 14. Ng3 Bg6 15.
Nf3 Nh5 16. Bd3 Nxg3 17. hxg3 Bh5 18. Qc2 f5 19. Ng5 Rf6 20. e4 fxe4 21. Rxe4
e5 22. Rh4 1-0

[Event "February TNT"]
[Site "Winnipeg CAN"]
[Date "2018.02.13"]
[Round "2.3"]
[White "Patel, Aalekh"]
[Black "Bince, Rolando"]
[Result "0-1"]
[WhiteElo "1628"]
[BlackElo "1964"]
[PlyCount "49"]
[EventDate "2018.02.06"]
[EventType "swiss"]
[EventRounds "4"]
[EventCountry "CAN"]

1. e4 Nf6 2. e5 Nd5 3. c4 Nb6 4. d4 d6 5. f4 g6 6. Nf3 Bg7 7. Nc3 O-O 8. a4 a5
9. Be3 Na6 10. Bd3 Nb4 11. Be4 Nxc4 12. Qe2 Nxe3 13. Qxe3 c6 14. Rc1 Qb6 15.
O-O Bg4 16. h3 Bxf3 17. Bxf3 Rad8 18. Rfd1 d5 19. e6 f5 20. Ne2 Rd6 21. g4 Rf6
22. gxf5 gxf5 23. Kh2 Rdxe6 24. Qf2 Qc7 25. Rg1 0-1

[Event "February TNT"]
[Site "Winnipeg CAN"]
[Date "2018.02.13"]
[Round "2.4"]
[White "Remillard, John"]
[Black "Furda, Ievgeniia-Diana"]
[Result "1/2-1/2"]
[WhiteElo "1653"]
[BlackElo "1528"]
[PlyCount "28"]
[EventDate "2018.02.06"]
[EventType "swiss"]
[EventRounds "4"]
[EventCountry "CAN"]

1. Nf3 Nf6 2. d4 g6 3. c4 Bg7 4. Nc3 O-O 5. Qc2 d6 6. Bf4 Nbd7 7. Rd1 c5 8. e3
cxd4 9. exd4 Nb6 10. Bd3 Qc7 11. b3 Bg4 12. Be2 Bf5 13. Bd3 Bg4 14. Be2 Bf5
1/2-1/2

[Event "February TNT"]
[Site "Winnipeg CAN"]
[Date "2018.02.13"]
[Round "2.6"]
[White "Wirtzfeld, Ryan"]
[Black "Magyar, Pete"]
[Result "0-1"]
[WhiteElo "1347"]
[BlackElo "1518"]
[PlyCount "72"]
[EventDate "2018.02.06"]
[EventType "swiss"]
[EventRounds "4"]
[EventCountry "CAN"]

1. c4 Nf6 2. g3 c5 3. Bg2 e6 4. Nc3 a6 5. a4 d6 6. e3 Nbd7 7. Nge2 Be7 8. O-O
Rb8 9. e4 b6 10. d4 O-O 11. d5 Ne5 12. Nf4 Nxc4 13. Bh3 e5 14. Bxc8 Qxc8 15.
Nd3 Na5 16. Bg5 c4 17. Nc1 Qh3 18. b4 Ng4 19. Qxg4 Qxg4 20. Bxe7 Rfe8 21. Bxd6
Rbd8 22. Bc7 Rc8 23. Bxb6 Nb3 24. Nxb3 cxb3 25. Nd1 Qxe4 26. d6 Rb8 27. d7 Rf8
28. d8=Q Rfxd8 29. Bxd8 Rxd8 30. Nc3 Qxb4 31. Rfd1 Rd4 32. Nd5 Qd6 33. Ne3 g6
34. Rdb1 Rb4 35. Rd1 Rd4 36. Ra3 Qxa3 0-1

[Event "February TNT"]
[Site "Winnipeg CAN"]
[Date "2018.02.20"]
[Round "3.1"]
[White "Babb, Jeff"]
[Black "Boron, Anthony"]
[Result "1-0"]
[WhiteElo "2211"]
[BlackElo "2021"]
[PlyCount "103"]
[EventDate "2018.02.06"]
[EventType "swiss"]
[EventRounds "4"]
[EventCountry "CAN"]

1. c4 e6 2. Nc3 d5 3. e3 Nf6 4. Nf3 g6 5. b3 Bg7 6. Bb2 O-O 7. Rc1 c6 8. Be2
Nbd7 9. d4 Re8 10. O-O a6 11. a4 Ne4 12. Nxe4 dxe4 13. Nd2 f5 14. f4 c5 15. Nb1
Nb8 16. Rc2 cxd4 17. Bxd4 Bxd4 18. Qxd4 Qxd4 19. exd4 Nc6 20. Rd2 Bd7 21. Na3
Rad8 22. Kf2 Nb4 23. Nc2 Nxc2 24. Rxc2 Bc6 25. Ke3 Re7 26. Rd2 Kg7 27. Bd1 Kf6
28. h4 h6 29. Rh1 Rg7 30. g3 b6 31. b4 b5 32. cxb5 axb5 33. a5 Rc7 34. Rc2 Rdc8
35. Be2 Bd5 36. Rc5 Rxc5 37. dxc5 Rb8 38. Rc1 Ke7 39. c6 Rc8 40. Bxb5 Kd6 41.
c7 Rxc7 42. Rxc7 Kxc7 43. Be8 Bc6 44. Bxg6 Kd6 45. Kd4 Bb5 46. Bh5 Kc7 47. Bd1
Kd6 48. Bb3 Ke7 49. Bd1 Kd6 50. g4 e5+ 51. fxe5+ Ke6 52. Bb3+ 1-0

[Event "February TNT"]
[Site "Winnipeg CAN"]
[Date "2018.02.20"]
[Round "3.2"]
[White "Bince, Rolando"]
[Black "Goodman, Clifford"]
[Result "1-0"]
[WhiteElo "1964"]
[BlackElo "1677"]
[PlyCount "44"]
[EventDate "2018.02.06"]
[EventType "swiss"]
[EventRounds "4"]
[EventCountry "CAN"]

1. e4 c5 2. Nc3 g6 3. Nf3 Nc6 4. d4 cxd4 5. Nxd4 Bg7 6. Be3 Nf6 7. Be2 d5 8.
Nxc6 bxc6 9. e5 Nd7 10. f4 e6 11. h4 c5 12. Bf2 Qa5 13. O-O Rb8 14. Be1 c4 15.
Ne4 Qb6+ 16. Bf2 Qxb2 17. Bd4 Qa3 18. Rf3 Qe7 19. Nd6+ Kf8 20. Bxa7 Ra8 21. Rb1
Rxa7 22. Qd4 Ra8 {White won in 49} 1-0